Osud premeny rezortu závisí aj od využitia úverov zhovárame sa s ekonomickým expertom Svetovej banky Mukeshom Chawlom, PhD.

Bibliographic Details
Main Authors: Šarmírová, Milica (ain), Chawla, Mukesh (Author)
Format: Article
Language:Slovak
Subjects:

MARC

LEADER 00000nab a2200000 a 4500
001 vtls000869893
003 SK-MaSNL
005 20260304043951.0
008 140303c2004 xo 0 slo
015 |a SNBRB2004/04-12203 
035 |a CLN000221445 
040 |a SNKBUCL  |b slo  |c SNKBUCL  |e AACR2 
041 0 |a slo 
044 |a xo  |c SK 
080 |a 339.732(100):614.2(437.6)  |2 1997 
080 |a 614.2(437.6):339.732(100)  |2 1997 
100 1 |a Šarmírová, Milica  |4 ain  |9 839734 
245 1 0 |a Osud premeny rezortu závisí aj od využitia úverov  |b zhovárame sa s ekonomickým expertom Svetovej banky Mukeshom Chawlom, PhD.  |c [zhovárala sa] Milica Šarmírová 
300 |b Obr. 
610 7 |a Svetová banka  |x úvery  |2 snkbucl  |9 1327661 
650 0 7 |a zdravotníctvo  |z Slovensko  |x úvery  |x Svetová banka  |2 snkbucl  |9 1327662 
650 0 7 |a zdravotníctvo štátne  |x ekonomika  |2 MESH  |9 859659 
651 7 |a Slovensko  |2 MESH 
655 7 |a články z novín a časopisov  |2 snkbucl  |9 267496 
700 1 |a Chawla, Mukesh  |4 aut  |9 743635 
773 0 |t Zdravotnícke noviny  |g Roč. 9, č. 9 (2004), s. 7  |x 1335-4477 
850 |a Slovenská národná knižnica v Martine 
852 |a SNK  |b KIS3GCP 
958 |a MI 
958 |a SK 
992 |a RBX 
999 |c 2682913  |d 2684843